Pozycja Personal Name
Liczba rekordów, w których użyto hasła: 1
001 - Numer kontrolny
- control field: 40853
003 - Identyfikator numeru kontrolnego
- control field: NUKAT
005 - Data i czas ostatniej modyfikacji
- control field: 20260429112315.0
008 - Dane kontrolne kodowane (40 znaków)
- fixed length control field: 980129n||a|znnaabn |a aaa |c
010 ## - Numer kontrolny Biblioteki Kongresu
- numer kontrolny LC: n 98010376
024 7# - OTHER STANDARD IDENTIFIER
- Standard number or code: 75085954
- Source of number or code: viaf
024 7# - OTHER STANDARD IDENTIFIER
- Standard number or code: 0000000020012552
- Source of number or code: isni
024 7# - OTHER STANDARD IDENTIFIER
- Standard number or code: Q9139366
- Source of number or code: wikidata
024 7# - OTHER STANDARD IDENTIFIER
- Standard number or code: 0000-0001-6455-0632
- Source of number or code: orcid
040 ## - Instytucja sporządzająca rekord
- inst. przygot. dane do rek. khw: KR U/16ZL
- język haseł przedmiotowych/tezaurus: kaba
- inst. wprow. rek. khw: KR U/16ZL
- inst. modyf. rek. khw: WA U/UKP
- inst. modyf. rek. khw: WA U/AL
043 ## - Kod obszaru geograficznego
- ISO code: PL
046 ## - Special dates
- Birth date: 1968
100 1# - Hasło - nazwa osobowa
- nazwa osobowa w formie ujednoliconej: Bosiacki, Adam
- daty biograficzne: (1968- ).
368 ## - Other Attributes
- Title of person: prof. dr hab.
370 ## - Associated place
- Country: Polska.
- Auth control #: http://nukat.edu.pl/aut/s 94110000
- Source of term: kaba
372 ## - Field of activity
- Field: Prawo.
- Auth control #: http://nukat.edu.pl/aut/s 94013097
- Source of term: kaba
373 ## - Associated Group
- Associated group: Uniwersytet Warszawski.
- Auth control #: http://nukat.edu.pl/aut/n 93081332
374 ## - Occupation
- Occupation: Prawnicy.
- Auth control #: http://nukat.edu.pl/aut/s 95011492
- Source of term: kaba
375 ## - Gender
- Gender: 1
- Source of term: iso5218
377 ## - Assoc lang
- Lang code: pol
400 1# - Trop zob. - nazwa osobowa
- nazwa osobowa (nazwisko, imiona): Bosâcki, A.
670 ## - Źródło informacji
- źródło informacji: Kp. Konstytucja Albanii / tł. Dorota Horodyska i Adam Bosiacki. - Warszawa, 1997.
670 ## - Źródło informacji
- źródło informacji: Strona WPiA UW, 27.04.2011
- adres internetowy: http://pracownicy.wpia.uw.edu.pl/
670 ## - Źródło informacji
- źródło informacji: Strategičeskoe upravlenie v publičnoj sfere s točki zreniâ teorii prava / A. Bosâcki // Nauka i Obrazovanie / učreditel': Nekommerčeskaâ organizaciâ "Fond podderžki obrazovaniâ i nauki v Rostovskoj oblasti". - Nr 12 (18) (2011), s. 7-15.